Phân tích báo cáo tài chính : Lý thuyết bài tập và bài giải
Nội dung sách gồm: Tổng quan về phân tích báo cáo tài chính; đánh giá khái quát tình hình tài chính; phân tích các tỷ số tài chính chủ yếu; phân tích hiệu quả sử dụng vốn; phân tích hiệu quả kinh doanh....
Guardado en:
| Autor principal: | |
|---|---|
| Formato: | Libro |
| Lenguaje: | Undetermined |
| Publicado: |
Hà Nội
Giao thông vận tải
2008
|
| Materias: | |
| Etiquetas: |
Agregar Etiqueta
Sin Etiquetas, Sea el primero en etiquetar este registro!
|
| Thư viện lưu trữ: | Trung tâm Học liệu Trường Đại học Cần Thơ |
|---|
| LEADER | 00990nam a2200217Ia 4500 | ||
|---|---|---|---|
| 001 | CTU_140324 | ||
| 008 | 210402s9999 xx 000 0 und d | ||
| 020 | |c 31000 | ||
| 082 | |a 657.3 | ||
| 082 | |b B312 | ||
| 100 | |a Nguyễn, Công Bình | ||
| 245 | 0 | |a Phân tích báo cáo tài chính : | |
| 245 | 0 | |b Lý thuyết bài tập và bài giải | |
| 245 | 0 | |c Nguyễn Công Bình, Đặng Kim Cương | |
| 260 | |a Hà Nội | ||
| 260 | |b Giao thông vận tải | ||
| 260 | |c 2008 | ||
| 520 | |a Nội dung sách gồm: Tổng quan về phân tích báo cáo tài chính; đánh giá khái quát tình hình tài chính; phân tích các tỷ số tài chính chủ yếu; phân tích hiệu quả sử dụng vốn; phân tích hiệu quả kinh doanh. | ||
| 650 | |a Financial reporting,Accounting,Báo cáo tài chính | ||
| 904 | |i Tuyến | ||
| 980 | |a Trung tâm Học liệu Trường Đại học Cần Thơ | ||